AYURVEDIC TERMINOLOGY (Record no. 16599)

MARC details
000 -LEADER
fixed length control field 00319nam a22001457a 4500
003 - CONTROL NUMBER IDENTIFIER
control field SGT
020 ## - INTERNATIONAL STANDARD BOOK NUMBER
International Standard Book Number 978-93-86554-68-0
082 ## - DEWEY DECIMAL CLASSIFICATION NUMBER
Classification number 610.14
Item number A18V
100 ## - MAIN ENTRY--PERSONAL NAME
Personal name VIDYANATH,R
245 ## - TITLE STATEMENT
Title AYURVEDIC TERMINOLOGY
260 ## - PUBLICATION, DISTRIBUTION, ETC. (IMPRINT)
Place of publication, distribution, etc VARANASI
Name of publisher, distributor, etc CHAUKHAMBA PUB
Year of Publication 2018
300 ## - PAGE DESCRIPTION
No. of Pages 242
650 ## - SUBJECT ADDED ENTRY--TOPICAL TERM
Topical term or geographic name as entry element AYURVEDA
942 ## - ADDED ENTRY ELEMENTS (KOHA)
Source of classification or shelving scheme Dewey Decimal Classification
Koha item type Books
942 ## - ADDED ENTRY ELEMENTS (KOHA)
-- 7
Holdings
Withdrawn status Lost status Source of classification or shelving scheme Damaged status Not for loan Collection code Home library Current library Shelving location Date acquired Vendor Name Cost, normal purchase price SGTU Bill Number Total Checkouts Full call number Accession No. (Barcode) Date last seen Date last borrowed Bill Date Koha item type Use restrictions
    Dewey Decimal Classification     AYURVEDA SGT FA-FP Library SGT FA-FP Library Text Book 22/01/2019 CHAUKHAMBA PUB 350.00 SGTU 1338 8 610.14 A18V FA8751 23/06/2025 23/06/2025 16/01/2019 Books  
    Dewey Decimal Classification     AYURVEDA SGT FA-FP Library SGT FA-FP Library Text Book 22/01/2019 CHAUKHAMBA PUB 350.00 SGTU 1338   610.14 A18V FA8752 22/01/2019   16/01/2019 Books  
    Dewey Decimal Classification     AYURVEDA SGT FA-FP Library SGT FA-FP Library Text Book 22/01/2019 CHAUKHAMBA PUB 350.00 SGTU 1338   610.14 A18V FA8753 28/02/2020   16/01/2019 Books  
    Dewey Decimal Classification     AYURVEDA SGT FA-FP Library SGT FA-FP Library Text Book 22/01/2019 CHAUKHAMBA PUB 350.00 SGTU 1338 1 610.14 A18V FA8754 27/06/2025 16/06/2025 16/01/2019 Books  
    Dewey Decimal Classification     AYURVEDA SGT FA-FP Library SGT FA-FP Library Reference Book 22/01/2019 CHAUKHAMBA PUB 350.00 SGTU 1338   610.14 A18V FA8755 22/01/2019   16/01/2019 Books Restricted Access